00290nam a2200109Ia 4500008004100000041000800041100001700049245003900066260003500105300000800140700003200148250110s9999 xx 000 0 und d aeng aJoshi Noopur aMetro Station At Shivajinagar Pune bFinal Year B. Arch, BNCAc2014 a92p aGuide Name:Chandwania Dhruv